Vizekanzler Deutschlands seit 1878 - mit Bild - Statistiken

Allgemein
  • Dieses Quiz wurde 90 mal gespielt
    67 seit der letzten Aktualisierung
  • Das Durchschnittsergebnis liegt bei 12 aus 36
Antwortstatistiken
Bildquiz Hint Antwort % Korrekt
2007-2009
Angela Merkel
Auswärtiges
SPD
Frank-Walter Steinmeier
91%
2018-2021
Angela Merkel
Finanzen
SPD
Olaf Scholz
89%
seit 2021
Olaf Scholz
Wirtschaft und Klimaschutz
Bündnis 90/ Die Grünen
Robert Habeck
89%
1957-1963
Konrad Adenauer
Wirtschaft
CDU
Ludwig Erhard
88%
2009-2011
Angela Merkel
Auswärtiges
FDP
Guido Westerwelle
86%
2013-2018
Angela Merkel
Wirtschaft und Energie, Auswärtiges
SPD
Sigmar Gabriel
86%
1998-2005
Gerhard Schröder
Auswärtiges
Bündnis 90/Die Grünen
Joschka Fischer
84%
1966-1969
Kurt Georg Kiesinger
Auswärtiges
SPD
Willy Brandt
82%
1974-1982, 1982-1992
Schmidt, Kohl
Auswärtiges
FDP
Hans-Dietrich Genscher
73%
1969-1974
Brandt, Scheel
Auswärtiges
FDP
Walter Scheel
73%
2011-2013
Angela Merkel
Wirtschaft und Technologie
FDP
Philipp Rösler
71%
2005-2007
Angela Merkel
Arbeit und Soziales
SPD
Franz Müntefering
66%
1933-1934
Adolf Hitler
kein Ministerium
parteilos, später NSDAP
Franz von Papen
48%
1992-1993
Helmut Kohl
Wirtschaft
FDP
Jürgen Möllemann
48%
1993-1998
Helmut Kohl
Auswärtiges
FDP
Klaus Kinkel
45%
1963-1966
Ludwig Erhard
Gesamtdeutsche Fragen
FDP
Erich Mende
18%
1921-1922
Joseph Wirth
Schatz
SPD
Gustav Bauer
11%
1907-1909
Bernhard von Bülow
Inneres
parteilos
Theobald von Bethmann-Hollweg
11%
1982
Helmut Schmidt
Innerdeutsche Beziehungen
SPD
Egon Franke
7%
1949-1957
Konrad Adenauer
Angelegenheiten des Marshallplans, Wirtschaftliche Zusammenarbeit
CDU
Franz Blücher
7%
1966
Ludwig Erhard
Verkehr
CDU
Hans-Christoph Seebohm
4%
1916-1917
Hollweg, Michaelis, Hertling
Inneres
parteilos, später DNVP
Karl Helfferich
4%
1919
Gustav Bauer
Finanzen
Zentrum
Matthias Erzberger
4%
1920
Hermann Müller
Inneres
DDP
Erich Koch-Weser
2%
1897-1907
Hohenlohe, Bülow
Inneres
FkP
Arthur von Posadowsky-Wehner
0%
1919
Philipp Scheidemann
Finanzen
DDP
Bernhard Dernburg
0%
1909-1916
Theobald von Bethmann-Hollweg
Inneres
parteilos, später DNVP
Clemens von Delbrück
0%
1919, 1919-1920
Scheidemann, Bauer
Finanzen, Justiz
DDP
Eugen Schiffer
0%
1917-1918
Hertling, Baden
kein Reichsamt
FVP
Friedrich Payer
0%
1930-1932
Heinrich Brüning
Wirtschaft, Finanzen
DDP, DStP
Hermann Dietrich
0%
1881-1897
Bismarck, Caprivi, Hohenlohe
Inneres
DkP
Karl Heinrich von Boetticher
0%
1923-1925
Wilhelm Marx
Inneres
DVP
Karl Jarres
0%
1927-1928
Wilhelm Marx
Justiz
DNVP
Oskar Hergt
0%
1878-1881
Otto von Bismarck
kein Reichsamt
FkP
Otto zu Stolberg-Wernigerode
0%
1923
Gustav Stresemann
Wiederaufbau
SPD
Robert Schmidt
0%
1920-1921
Constantin Fehrenbach
Justiz
DVP
Rudolf Heinze
0%
Keine übereinstimmenden Quizze gefunden
Verteilung der Resultate
Anzahl Personen mit jedem Resultat
Perzentil nach korrekt beantworteten Fragen
Ihre Resultats-Entwicklung
Sie haben dieses Quiz seit der letzten Aktualisierung nicht gespielt